| 000 | 01147nam a2200193 a 4500 | ||
|---|---|---|---|
| 001 | 001060883 | ||
| 003 | AM-YeHGA | ||
| 005 | 20250617151120.0 | ||
| 008 | 150223s1974 ||| r 000 0 rus d | ||
| 040 | _aAM-YeHGA | ||
| 041 | 0 | _arus | |
| 245 | 0 | 0 |
_aТематический указатель технических средств (кинофотофондодокументов Туркестана и Узбекистана) и художественной литературы к курсу истории КПСС / _cТашкентский гос. ун-т им. В.И. Ленина; Сост. Ф.М. Шамаева; Отв. ред. Е.И. Богословская. |
| 260 |
_aТашкент : _bБ.и., _c1974. |
||
| 300 | _a77 с. | ||
| 653 | 0 | _aИстория КПСС - Кинофотофондодокументы - Туркестан и Узбекистан - Тематический указатель технических средств | |
| 700 | 1 |
_aШамаева, Ф.М. _eсост. _4com |
|
| 710 | 2 | _aТашкентский госудаpственный университет им. В.И. Ленина | |
| 090 | _c346764 | ||
| 999 |
_c344966 _d344966 |
||